000 00706nam a2200265Ia 4500
005 20260121170630.0
008 008 260114s9999 xx 000 0 eng d
020 _a9783319920467
037 _aEBOOK
040 _aCRL
040 _beng
040 _cCRL
041 _2eng
041 _aeng
084 _qCRL
100 _aSakae Yamamoto, Hirohiko Mori
_91066269
245 0 _aHuman Interface and the Management of Information. Information in Applications and Services
260 _bSpringer
260 _bSpringer
260 _c2018
856 _uhttps://link.springer.com/openurl?genre=book&isbn=978-3-319-92046-7
942 _cEBOOK
999 _c1631999
_d1631999